Представление документа в формате MARC21

Поле Инд. ПП Название Значение
Тип записи a
Библиографический уровень a
001 Контрольный номер 0a63748e22a04cffafec3bc62521fd18
005 Дата корректировки 20220926094316.6
040 a Служба первич. каталог. НБ ТвГУ
b Код языка каталог. rus
e Правила каталог. PSBO
041 0_ a Код языка текста rus
097 b Оператор Komarova.ES
245 10 a Заглавие Введение
260 a Место издания Калинин
b Издательство Калининский государственный университет
520 0_ a Аннотация В сборник включены статьи, в которых рассматриваются вопросы взаимодействия отдельных растений, флористического состава отдельных биогеоценозов, экологии растений.
653 0_ a Ключевые слова Экология
a Ключевые слова Растения
a Ключевые слова Южно-таежная подзона
a Ключевые слова Сборник статей
a Ключевые слова Биотические связи
a Ключевые слова Природа
773 18 w Контрольный № источника RU/IS/BASE/448384506
t Название источника Флора и растительность южной тайги
d Место и дата издания Калинин : Калининский государственный университет, 1988
g Прочая информация С. 3
901 t Тип документа a
920 a Оператор Кома
954 b Дата поступления в ОК 20220926